=LDR 00000nam 2200000 4500 =001 INLIS000000000030693 =005 20251022041014 =035 ##$$a 0010-061300000030693 =008 251022################g##########0#ind## =041 ##$$a Ind =082 ##$$a 028.5 =090 ##$$a F Rom K, Yan p =100 ##$$a Yaniar, Renny =245 1#$$a Putri Penunggang Rusa, /$c Renny Yuniar =260 ##$$a 2006 :$b Jakarta =300 ##$$a 24 hlm, : $b ilus ; $c 20 cm =650 #4$$a Fiksi Kanak-kanak =850 ##$$a NBPNMAT =020 ##$$a 979-22-2076-3 =084 ##$$a 028.5 YAN p =990 ##$$a 20900225 =990 ##$$a 20900225